Countries at Random Quiz Stats

 Plays Quiz not verified by Sporcle

Challenge
Share
Tweet
Embed
Score 0/32 Timer 06:00
0 Plays Today
Number Country % Correct
7China
71.8%
24Norway
47.9%
8South Africa
45.1%
28Finland
45.1%
9Peru
43.7%
1Egypt
40.8%
27Denmark
40.8%
2New Zealand
39.4%
25Pakistan
39.4%
12Mongolia
36.6%
13Yemen
36.6%
15Jordan
35.2%
16Estonia
35.2%
14Cuba
33.8%
17Nepal
33.8%
30Panama
31%
Number Country % Correct
32Belgium
31%
10Uruguay
29.6%
18Cambodia
28.2%
19Croatia
28.2%
22Kenya
28.2%
29Thailand
28.2%
26Zambia
26.8%
3Rwanda
25.4%
4Zimbabwe
25.4%
31Belize
22.5%
6Luxembourg
19.7%
20Senegal
19.7%
11Kosovo
18.3%
23Liberia
18.3%
21Gabon
16.9%
5Macedonia
15.5%

You're not logged in!

Compare scores with friends on all Sporcle quizzes.
Join for Free
OR
Log In

You Might Also Like...

Show Comments

Extras

Created Jun 7, 2010ReportFavoriteNominate
Tags:Country Quiz, here

Top Quizzes Today


Score Distribution

Your Account Isn't Verified!

In order to create a playlist on Sporcle, you need to verify the email address you used during registration. Go to your Sporcle Settings to finish the process.

Report this User

Report this user for behavior that violates our Community Guidelines.

Details: